Organization development & change (Registro nro. 21893)

Detalles MARC
000 -Cabecera
Campo de control interno 00828nam a2200265Ia 4500
005 - Fecha y hora del registro
control field 20260320113322.0
008 - Elementos de Longitud Fija
fixed length control field 260320s9999||||xx |||||||||||||| ||und||
020 ## - ISBN
ISBN 9781337618830
041 ## - Idioma
Codigo Idioma Inglés
082 ## - DEWEY y NOTACIÓN INTERNA
Dewey 658.406
Notación Interna C285
100 ## - AUTOR
Autor denominación Cummings, Thomas G.,
Término de relación autor
245 #0 - TÍTULO DE MATERIAL BIBLIOGRÁFICO
Título Organization development & change
Título paralelo
246 ## - TÍTULO TRADUCIDO
Título
Título paralelo
Autor
260 ## - CIUDAD, EDITORIAL, AÑO
Ciudad Australia :
Nombre de la Editorial Cengage,
Año 2019
300 ## - DESCRIPCIÓN
N° Páginas xxi, 714 páginas :
Otros detalles ilustraciones, gráficos ;
Dimensiones 25 cm.
Material Adicional
440 ## - MENCIÓN DE SERIE
Título de la Serie
Número de Serie
Volumen de Serie
500 ## - NOTA GENERAL
Nota General No tiene portada / Datos extraídos de Worldcat
650 ## - TEMAS
Temas Tecnología (Ciencias Aplicadas)
653 ## - DESCRIPTORES
Lenguajes no controlado Manejo del cambio
654 ## - PROGRAMAS
Programa Dpto. de Administración de Negocios
700 ## - OTROS AUTORES
Otros autores Worley, Christopher G.,
Títulos y otras palabras asociadas con el nombre autor
856 ## - URL - UBICACIÓN
URI/URL: Enlace exacto del recurso <a href="https://research-ebsco-com.ucsp.lookproxy.com/c/qxo6us/search">https://research-ebsco-com.ucsp.lookproxy.com/c/qxo6us/search</a>
Nota pública: Versión digital <a href="Véase además: Base de datos EBSCOhost">Véase además: Base de datos EBSCOhost</a>
942 ## - ELEMENTOS DE KOHA
Tipo de documento Libro
Nombre del creador Justo Noguera
Código de catalogador Mirtha Ponce
Esquema de clasificación Dewey Decimal Classification
Suppress in OPAC
Existencias
Codigo completo Registro Colección Copia número Disponibilidad Tipo de préstamo Biblioteca Actual Procedencia (Biblioteca) Ubicacón Fecha Ingreso Tipo de Adquisición Observación Date last seen Total checkouts Price effective from Tipo de Item Estado del Material Fuente de Clasificación Damaged status Withdrawn status
658.406 C285 1086147 Universidad Católica San Pablo 1 Disponible Disponible Víctor Andrés Belaunde Víctor Andrés Belaunde Primer piso 10/03/2026 Compra Administración de Negocios 20/03/2026   20/03/2026 Libro Bueno Dewey Decimal Classification